Premier League 100 Clean Sheets Club - Statistics

General Stats
  • This quiz has been taken 6,553 times
    4,900 since last reset
  • The average score is 10 of 17
Answer Stats
Number of clean sheets Nationality Mostly for GK % Correct
202 Czech Chelsea Petr Cech
97%
100 Brazilian Manchester City Ederson
89%
140 Spanish Manchester United David De Gea
88%
127 French Tottenham Hugo Lloris
84%
128 Danish Manchester United Peter Schmeichel
82%
132 Dutch Manchester United Edwin Van Der Sar
81%
127 English Manchester City Joe Hart
78%
132 American Everton Tim Howard
75%
136 Spanish Liverpool Pepe Reina
72%
141 English Arsenal David Seaman
69%
113 Irish Newcastle Shay Given
47%
169 English Liverpool David James
44%
132 American Blackburn Brad Friedel
40%
151 Australian Middlesborough Mark Schwarzer
39%
108 Finnish Bolton Jussi Jaaskelainen
29%
107 Danish Sunderland Thomas Sorensen
14%
137 English Crystal Palace Nigel Martyn
13%
No matching quizzes found
Score Distribution
Percent of People with Each Score
Percentile by Number Answered
Your Score History
You have not taken this quiz since the last reset